000 00650nam a2200277Ia 4500
005 20260324144319.0
008 008 260324s9999 xx 000 0 eng d
020 _a9780203771372
037 _aEBOOK
040 _aCRL
040 _beng
040 _cCRL
041 _2eng
041 _aeng
084 _qCRL
100 _aThomas R. Alley
_91218855
245 0 _aSocial and Applied Aspects of Perceiving Faces
260 _bTaylor and Francis
260 _c1988
365 _a
365 _b230
856 _uhttp://www.taylorfrancis.com/books/9780203771372
942 _cEBOOK
999 _c1825332
_d1825332